Fúzie a akvizície spoločností

Zlúčenie, splynutie a rozdelenie podnikov z účtovného hľadiska. Účtovanie splynutia, zlúčenia a rozdelenia spoločností - výklad a praktické príklady. Zlúčenie, splynutie a rozdelenie spoločností z hľadiska slovenskej daňovej legislatívy. Správa daní. Daň z príjmov. Daň z motorových vozidiel.

Salvato in:
Dettagli Bibliografici
Autore principale: Fabian, Peter
Altri autori: Bzdúšková, Zuzana, Škula, Igor
Natura: Capitolo di libro
Lingua:slovacco
Soggetti:
Tags: Aggiungi Tag
Nessun Tag, puoi essere il primo ad aggiungerne!!

MARC

LEADER 00000naa$a2200000$$$4500
001 0089126
005 20240502072009.6
041 0 |a slo 
044 |a SK 
245 1 0 |a Fúzie a akvizície spoločností  |c Peter Fabian, Zuzana Bzdúšková, Igor Škula 
520 |a Zlúčenie, splynutie a rozdelenie podnikov z účtovného hľadiska. Účtovanie splynutia, zlúčenia a rozdelenia spoločností - výklad a praktické príklady. Zlúčenie, splynutie a rozdelenie spoločností z hľadiska slovenskej daňovej legislatívy. Správa daní. Daň z príjmov. Daň z motorových vozidiel. 
610 2 0 |a fúzie 
610 2 0 |a akvizícia 
610 2 0 |a zlučovanie podnikov 
610 2 0 |a účtovanie 
610 2 0 |a účtovníctvo 
610 2 0 |a predpisy právne 
610 2 0 |a legislatíva 
610 2 0 |a dane z príjmov 
610 2 0 |a správa daňová 
100 1 |a Fabian, Peter 
700 1 |a Bzdúšková, Zuzana 
700 1 |a Škula, Igor